| 000 | 01538cad a22002655a 4500 | ||
|---|---|---|---|
| 001 | E149885 | ||
| 008 | 100512e20100430xxk f l f000 0 eng d | ||
| 020 | _a9780117541023 | ||
| 035 | _a(Sirsi) u149885 | ||
| 041 | 0 | _aeng | |
| 110 | 1 |
_aUnited Kingdom _bDepartment for Communities and Local Government _94939 |
|
| 245 | 0 | 0 |
_aBuilding Act 1984, The Building Regulations 2000, The Building (Approved Inspectors etc) Regulations 2000 _h[electronic resource] |
| 260 |
_aLondon _bDCLG _c2010 |
||
| 490 | 0 |
_aDCLG Communities and Local Government Circular _v06/2010 |
|
| 520 | _aOutlines the approval and publication of six new Approved Documents (ADs F, J and L1A, L1B, L2a and L2B). Also sets out the publication of three new compliance guides and the approval of various circumstances, procedures and method of recording of results required by the Building Regulations and the AI Regulations. In addition, the Circular looks at how the transitional provisions in S.I. 2010/719 apply to these approvals and publications and corrects an omission in Circular 02/2010. | ||
| 521 | 2 | _aAdvanced | |
| 590 | _aKA NTK | ||
| 650 | 2 | 4 | _aBUILDING AND APPROVED INSPECTORS (AMENDMENT) REGULATIONS 2010 |
| 650 | 2 | 4 | _aBUILDING REGULATIONS 2000 |
| 650 | 2 | 4 | _aBUILDING (APPROVED INSPECTORS ETC.) REGULATIONS 2000 |
| 651 | 4 |
_aEngland _y886- |
|
| 690 |
_aBuilding regulations _96224 |
||
| 856 | 4 | 0 |
_uhttps://www.communities.gov.uk/publications/planningandbuilding/circular062010 _zView the circular free of charge at www.communities.gov.uk |
| 942 | _n0 | ||
| 999 |
_c110665 _d110665 |
||